000 00788cam a22002653a 4500
001 2154
003 PGUSA
005 20140828083011.0
008 000401s2000||||xxu|||||s|||||000 1 eng d
040 _aPGUSA
_beng
042 _adc
050 4 _aPQ
050 4 _aPZ
100 1 _aVerne, Jules,
_d1828-1905
245 1 0 _aAround the World in Eighty Days. Junior Deluxe Edition
_h[electronic resource] /
_cJules Verne
260 _bProject Gutenberg,
_c2000
506 _aPublic domain in the USA.
516 _aElectronic text
653 _aVoyages around the world -- Fiction
653 _aAdventure stories
740 0 _aAround the World in 80 Days. Junior Deluxe Edition
830 0 _aProject Gutenberg
_v2154
856 4 0 _uhttp://www.gutenberg.org/ebooks/2154
942 _cEB
999 _c231492
_d231492